Picaresca, decadencia, historia: aproximación a una realidad histórico-literaria

Saved in:
Bibliografiske detaljer
Hovedforfatter: Francis, Alan (Author)
Format: Bog
Sprog:spansk
Udgivet: Madrid Gredos 1978
Serier:Biblioteca Románica Hispánica. Estudios y Ensayos, 274
Fag:
Tags: Tilføj Tag
Ingen Tags, Vær først til at tagge denne postø!

MARC

LEADER 00000nam a2200000 a 4500
001 UCQ8020
003 CL-VaPUC
008 981127e19780000SP |||||||||||||||||spa|d
082 0 4 |a 863.09  |b FRA  |2 21 
100 0 |a Francis, Alan  |e author  |9 421857 
245 1 0 |a Picaresca, decadencia, historia: aproximación a una realidad histórico-literaria 
300 |a 230 p 
942 |c BK 
945 |d 19981127 00:00:00  |a crobeson 
260 |a Madrid  |b Gredos  |c 1978 
650 7 |a NOVELA ESPAÑOLA  |2 CL-VaPUC  |9 313139 
650 0 |a Literatura española  |9 306261 
650 7 |a HISTORIA Y CERITICA  |2 CL-VaPUC  |9 421858 
583 |a last modification  |c 19981127 00:00:00  |k Rodrigo Vera 
490 0 |a Biblioteca Románica Hispánica. Estudios y Ensayos, 274 
999 |c 277392  |d 277390 
952 |0 0  |1 0  |4 0  |6 863_090000000000000_FRA_1978  |7 0  |8 A  |9 315294  |a FDOPOS  |b FDOPOS  |d 2019-11-20  |i 149614K  |o 863.09 FRA 1978  |p 149614K  |r 2025-01-22  |w 2019-11-20  |y BK  |k MLH